Countries that Sometimes Border Certain Countries - Statistics

General Stats
  • This quiz has been taken 27 times
  • The average score is 84 of 92
Answer Stats
Hint Answer % Correct
Overlapping claims in the Kashmir region China
100%
Recognition of the Islamic Emirate of Afghanistan China
100%
South Korean claims on North Korea China
100%
Taiwanese de jure claims on Mongolia China
100%
Overlapping claims in the Kashmir region India
100%
Bhutanese non-recognition of China and Taiwan India
100%
Recognition of China India
100%
Recognition of the Islamic Emirate of Afghanistan India
100%
Recognition of Taiwan India
100%
Pakistani non-recognition of Armenia Iran
100%
Recognition of the Islamic Emirate of Afghanistan Iran
100%
Bhutanese non-recognition of China and Taiwan Mongolia
100%
Recognition of China Mongolia
100%
Recognition of Taiwan Mongolia
100%
Overlapping claims in the Kashmir region Pakistan
100%
Bhutanese non-recognition of China and Taiwan Pakistan
100%
Recognition of China Pakistan
100%
Recognition of the Islamic Emirate of Afghanistan Pakistan
100%
Recognition of Taiwan Pakistan
100%
Bhutanese non-recognition of China and Taiwan Russia
100%
Recognition of China Russia
100%
Russian recognition of South Ossetia and Abkhazia Russia
100%
South Korean claims on North Korea Russia
100%
Taiwanese de jure claims on Mongolia Russia
100%
Recognition of Taiwan Russia
100%
Pakistani non-recognition of Armenia Turkey
100%
Pakistani non-recognition of Armenia Azerbaijan
95%
Pakistani non-recognition of Armenia Georgia
95%
Russian recognition of South Ossetia and Abkhazia Georgia
95%
Bhutanese non-recognition of China and Taiwan Kazakhstan
95%
Recognition of China Kazakhstan
95%
Recognition of Taiwan Kazakhstan
95%
Bhutanese non-recognition of China and Taiwan Laos
95%
Recognition of China Laos
95%
Recognition of Taiwan Laos
95%
Bhutanese non-recognition of China and Taiwan Myanmar
95%
Recognition of China Myanmar
95%
Recognition of Taiwan Myanmar
95%
Bhutanese non-recognition of China and Taiwan Nepal
95%
Recognition of China Nepal
95%
Recognition of Taiwan Nepal
95%
Bhutanese non-recognition of China and Taiwan Tajikistan
95%
Recognition of China Tajikistan
95%
Recognition of the Islamic Emirate of Afghanistan Tajikistan
95%
Recognition of Taiwan Tajikistan
95%
Turkish recognition of Northern Cyprus United Kingdom
95%
Overlapping claims in the Kashmir region Afghanistan
91%
Bhutanese non-recognition of China and Taiwan Afghanistan
91%
Recognition of China Afghanistan
91%
Recognition of Taiwan Afghanistan
91%
Bhutanese non-recognition of China and Taiwan Bhutan
91%
Recognition of China Bhutan
91%
Recognition of Taiwan Bhutan
91%
Recognition of Israel Egypt
91%
Recognition of Palestine Egypt
91%
Recognition of Palestine Israel
91%
Recognition of Israel Jordan
91%
Recognition of Palestine Jordan
91%
Bhutanese non-recognition of China and Taiwan Kyrgyzstan
91%
Recognition of China Kyrgyzstan
91%
Recognition of Taiwan Kyrgyzstan
91%
Recognition of Israel Lebanon
91%
Moroccan claims on Melilla and Ceuta Morocco
91%
Moroccan claims on the Western Sahara Morocco
91%
North Korean claims on South Korea North Korea
91%
Bhutanese non-recognition of China and Taiwan North Korea
91%
Recognition of China North Korea
91%
Recognition of Taiwan North Korea
91%
Bhutanese non-recognition of China and Taiwan South Korea
91%
Recognition of China South Korea
91%
South Korean claims on North Korea South Korea
91%
Recognition of Taiwan South Korea
91%
Recognition of Israel Syria
91%
Recognition of the Islamic Emirate of Afghanistan Turkmenistan
91%
Recognition of the Islamic Emirate of Afghanistan Uzbekistan
91%
Bhutanese non-recognition of China and Taiwan Vietnam
91%
Recognition of China Vietnam
91%
Recognition of Taiwan Vietnam
91%
Moroccan claims on Melilla and Ceuta Spain
86%
Moroccan claims on the Western Sahara Algeria
82%
Moroccan claims on the Western Sahara Mauritania
82%
Overlapping claims in the Kashmir region Taiwan
82%
Recognition of the Islamic Emirate of Afghanistan Taiwan
82%
Taiwanese de jure claims on Mongolia Taiwan
82%
Filipino claims to the former Sultanate of Sulu Philippines
77%
Recognition of Kosovo Albania
73%
Filipino claims to the former Sultanate of Sulu Malaysia
73%
Recognition of Kosovo North Macedonia
73%
Recognition of Kosovo Serbia
73%
Recognition of Kosovo Montenegro
68%
Discrepancies in the Emirati border Qatar
36%
Discrepancies in the Emirati border United Arab Emirates
36%
No matching quizzes found
Score Distribution
Percent of People with Each Score
Percentile by Number Answered
Your Score History
You have not taken this quiz